000 00459nam a22001817a 4500
005 20260530131813.0
008 260530b |||||||| |||| 00| 0 eng d
020 _a9783110634150
_c3169.91
040 _aMAIN
041 _aGerman
082 _a801.9
_bHAN
100 _aMartin von Koppenfels (ed)
_926945
245 _aHandbuch Literatur And Emotionen
260 _aBerlin
_bDe Gruyte
_c2018
300 _a643
650 _aGerman Language
942 _cBK
999 _c60926
_d60926